| 000 | 00541nam a22001697a 4500 | ||
|---|---|---|---|
| 999 |
_c8729 _d8729 |
||
| 008 | 201211b ||||| |||| 00| 0 eng d | ||
| 040 | _aBMS College of Architecture | ||
| 100 | _aPaul, Elizabeth Namita | ||
| 245 | _aCusp-children's home and resource centre | ||
| 300 | _a48p. | ||
| 500 | _a1BM11AT038 | ||
| 502 |
_8B,Arch _NBMS College of Architecture, Visvesvaraya Technological University (VTU) _aProject report _d2015 |
||
| 650 | _aChildren's Home | ||
| 700 |
_aNeetha S N _eGuide |
||
| 700 |
_aKiran Kumar R _eGuide |
||
| 942 |
_2ddc _cTHE |
||